| 000 | 00934nam a22003137a 4500 | ||
|---|---|---|---|
| 003 | CHAP | ||
| 005 | 20220329143631.0 | ||
| 008 | 101103s1935 mx r 00010 spa d | ||
| 010 | _a99640 | ||
| 011 | _a100612 | ||
| 035 | _a111298 | ||
| 040 | _cCHAP | ||
| 090 | _aFolleto 17821 | ||
| 100 | 0 | 0 |
_aRamírez Cabañas, Joaquín. _993899 |
| 245 | 1 | 0 |
_aCooperativismo _c/por Joaquín Ramírez Cabañas |
| 260 |
_aMéxico, D. F. : _bSEP, _c19354 |
||
| 300 | _a14 p. | ||
| 590 |
_aBATCH-UPD _b10 _c20130110 _lUCH01 _h1339 |
||
| 590 |
_aBATCH-UPD _b10 _c20130410 _lUCH01 _h0841 |
||
| 590 |
_aBATCH-UPD _b10 _c20130914 _lUCH01 _h1049 |
||
| 590 |
_aCONVERSION _b10 _c20130109 _lUCH01 _h1355 |
||
| 650 | 1 | 4 |
_aCooperativismo. _927786 |
| 650 | 1 | 4 |
_aProductividad. _991868 |
| 650 | 1 | 4 |
_aSociedades cooperativas. _9108118 |
| 901 | _aBK | ||
| 911 | _aen proceso | ||
| 942 | _cFOLL | ||
| 949 |
_aFolleto 17821 _bBC _cBPA _d33724002119892 _eBPA _i111298 _sb |
||
| 999 |
_c99640 _d99640 |
||